| 000 | 00675nam a2200229Ia 4500 | ||
|---|---|---|---|
| 003 | OSt | ||
| 005 | 20220923225340.0 | ||
| 006 | a|||||r|||| 00| 0 | ||
| 007 | ta | ||
| 008 | 220922b |||||||| |||| 00| 0 hin d | ||
| 024 | _a263,836 | ||
| 037 | _cTextual | ||
| 040 |
_aARTS _cARTS _bhin |
||
| 041 |
_2hin _ahin |
||
| 082 | _aV241:1xF00, 152K8 | ||
| 100 | _aकल्हण | ||
| 245 | 0 | _aराजतरंगिणी | |
| 246 | _aRājatarangiṇī | ||
| 260 |
_aवाराणसी _b हिन्दी प्रचारक संस्थान _c1973 |
||
| 942 |
_hV241:1xF00, 152K8 _cTEXL _2CC |
||
| 999 |
_c377686 _d377686 |
||